000
00341nam a22001457a 4500
008
240117b ||||| |||| 00| 0 eng d
020
_a
9789951545273
041
_a
Shqip
080
_2
Botimi i pare 2022
_a
338
082
_a
338
100
_a
22
101
_a
EKONOMI
245
_a
EKONOMIKSI GJINOR
_c
JOYCE P.JACOBSEN
942
_2
udc
_c
BK
999
_c
60546
_d
60546